000 00630nam a2200241Ia 4500
005 20250425160645.0
008 250425s9999 xx 000 0 und d
020 _a9701000889
041 _aspa
082 _a658.1
100 _aSCHROEDER, ROGER G.
245 0 _aADMINISTRACION DE OPERACIONES: TOMA DE DECISIONES EN LA FUNCION DE OPERACIONES
250 _a3A ED.
260 _aMEXICO
260 _aMéxico
_bMCGRAW-HILL
_c1992
300 _a734
650 _aCONTROL DE CALIDAD
650 _aOPERACIONES ADMINISTRATIVAS
650 _aPLANEACION
650 _aPROGRAMACION LINEAL
942 _c01
010 _a1469
999 _c193544
_d193544